Speculative housing and the land market in London 1660-1730: four case studies (Record no. 94687)

MARC details
000 -LEADER
fixed length control field 00560cam a2200193 4500
001 - CONTROL NUMBER
control field D1556
008 - FIXED-LENGTH DATA ELEMENTS--GENERAL INFORMATION
fixed length control field 090401t1979 xxu||||| |||| 00| 0 eng d
035 ## - SYSTEM CONTROL NUMBER
System control number (Sirsi) u64549
041 ## - LANGUAGE CODE
Language code of text/sound track or separate title eng
050 ## - LIBRARY OF CONGRESS CALL NUMBER
Classification number 306.109421
100 ## - MAIN ENTRY--PERSONAL NAME
Personal name Booth, P.A.
245 ## - TITLE STATEMENT
Title Speculative housing and the land market in London 1660-1730: four case studies
260 ## - PUBLICATION, DISTRIBUTION, ETC.
Place of publication, distribution, etc. Sheffield
Name of publisher, distributor, etc. Sheffield Centre for Environmental Resea
Date of publication, distribution, etc. 1979
300 ## - PHYSICAL DESCRIPTION
Extent 29p. 31cm
350 ## - PRICE (NR) (BK AM CF MU VM SE) [OBSOLETE]
Price 0
490 ## - SERIES STATEMENT
Series statement Urban Planning History Papers Occasional Paper
Volume/sequential designation 79/34
942 ## - ADDED ENTRY ELEMENTS (KOHA)
Suppress in OPAC 0
948 ## - LOCAL PROCESSING INFORMATION (OCLC); SERIES PART DESIGNATOR (RLIN)
c (OCLC) 04/03/1997
Holdings
Withdrawn status Lost status Source of classification or shelving scheme Damaged status Not for loan Home library Current library Shelving location Date acquired Total Checkouts Full call number Barcode Date last seen Copy number Price effective from Koha item type
    Dewey Decimal Classification     London London Basement 14/09/1999   SHELF 328 30000700 06/08/2019 1 06/08/2019 Book